000 01127cam a2200361Mi 4500
001 82106
005 20230411085825.0
008 030210s1993 nyua e 001 0 eng d
035 _a(OCoLC)ocn442645714
040 _aSILIS
_eppiak
_bslv
_cSILIS
020 _a1566192919
020 _a9781566192910
035 _a(OCoLC)442645714
044 _axxk
_cgbr
050 1 4 _aR G 63
_bE56 1993
080 _a913
049 _aGRAL
245 1 0 _aEncyclopedia of world geography /
_c[consultant editor Graham Bateman, project editor Victoria Egan ; writers Philip Gardner ... et al.].
246 3 0 _aWorld geography
260 _aNew York :
_bBarnes & Noble Books,
_c1993.
300 _a512 p. :
_bcol. ill., col. maps ;
_c31 cm.
500 _a"An Andromeda book"--T.p. verso.
504 _aIncludes bibliographical references (p. 502) and index.
650 0 _aGeography
_vEncyclopedias
650 0 _aHistory
_vEncyclopedias.
700 1 2 _aBateman, Graham.
700 1 _aEgan, Victoria.
700 1 _aGardner, Philip.
830 3 _aAn Andromeda book.
942 _2lcc
_cbk
994 _aC0
_bDRFGD
946 _almm
999 _c107874
_d107874